000
00212 a2200109 4500
020
_a
843391734x
041
_a
spa
100
_a
Alvaro Pombo
245
_a
Los delitos insignificantes
942
_c
BK
952
_7
1
999
_c
22619
_d
22619